| 000 | 00429nam a2200157Ia 4500 | ||
|---|---|---|---|
| 008 | 240729s9999 xx 000 0 und d | ||
| 022 | _a2414-536X | ||
| 245 | 0 | _aSultan Qaboos University Journal for Science | |
| 260 | _aOman | ||
| 260 | _bSultan Qaboos University | ||
| 650 | _a Science (General) | ||
| 650 | _aScience | ||
| 856 | _uhttps://doaj.org/toc/f1ae0b8b6ac94db4ab050b3e38c1a76d | ||
| 942 | _2ddc | ||
| 942 | _cDOAJEJ | ||
| 999 |
_c66632 _d66632 |
||
| 945 |
_a1 _bMadushi Gamage _c1 _dMadushi Gamage |
||